000 00665nam a2200229Ia 4500
001 Para_9631
008 220125s2005 xx 000 0 und d
010 _a208305
082 _aPA635.642 .B5y
100 _aBlancard, D.
_9165706
245 _aEnfermedades del tomate :
_b observar, identificar, luchar /
_c D. Blancard
260 _aEspaña :
_b Mundi prensa
300 _a212 p.
650 _aTomate
_x enfermedades
_9113711
700 _aPeña Iglesias, Antonio, tr.
_9174628
901 _aPA635.642 .B5Y
902 _aM
905 _a5232272005 sp D 8022223021spa20
910 _a2005
942 _cPARA
_d1
999 _c208305
_d208305